| 000 | 00387nam a2200157Ia 4500 | ||
|---|---|---|---|
| 008 | 230711s9999||||xx |||||||||||||| ||und|| | ||
| 041 | _aENG | ||
| 082 |
_a720 _bSH-I |
||
| 100 | _aSharma,Praduman K | ||
| 245 | 0 | _aIndo-islamic Architecture ( Delhi and Agra) | |
| 250 | _a1st . Ed. | ||
| 260 |
_c2005 _aNew Dehli _bWinsome books |
||
| 300 | _a148 | ||
| 650 | _aArchitecture | ||
| 942 | _cBK | ||
| 999 |
_c5066 _d5066 |
||